BIBLIOTECA PODER JUDICIAL
Portal Judicial TDF

La impugnacion de la sentencia firme / (Registro nro. 1456)

000 -LEADER
fixed length control field 01084nam a22002177a 4500
003 - CONTROL NUMBER IDENTIFIER
control field OSt
005 - DATE AND TIME OF LATEST TRANSACTION
control field 20190108064558.0
008 - FIXED-LENGTH DATA ELEMENTS--GENERAL INFORMATION
fixed length control field 180220b xxu||||| |||| 00| 0 spa d
020 ## - INTERNATIONAL STANDARD BOOK NUMBER
International Standard Book Number 9507277544
040 ## - CATALOGING SOURCE
Transcribing agency PJ
245 13 - MENCIÓN DE TÍTULO
Título propiamente dicho La impugnacion de la sentencia firme /
Mención de responsabilidad, etc Jorge W. Peyrano director, Carbone Carlos Alberto coordinador.
260 ## - PUBLICATION, DISTRIBUTION, ETC. (IMPRINT)
Place of publication, distribution, etc Buenos Aires :
Date of publication, distribution, etc Rubinzal - Culzoni,
Name of publisher, distributor, etc 2006.
300 ## - DESCRIPCION FISICA
Extent 2 v.
Dimensions 23 cm.
505 ## - FORMATTED CONTENTS NOTE
Formatted contents note Contenido:<br/>v. 1: Teoría General -- Procedimiento: Juez competente --Trámite en el proceso civil, concursal, laboral, administrativo e internacional -- Prescripción -- Revocatoria in extremis -- Suspension de ejecución<br/>v. 2: Parte Especial: Derecho de familia -- Derecho Concursal -- Derecho Penal -- Derechos Internacional --Procesos colectivos -- Jurisprudencia
650 #0 - ASIENTO SECUNDARIO DE MATERIA - TERMINO TEMATICO
9 (RLIN) 267
Topical term or geographic name as entry element DERECHO PROCESAL
650 #0 - ASIENTO SECUNDARIO DE MATERIA - TERMINO TEMATICO
9 (RLIN) 2041
Topical term or geographic name as entry element RESOLUCIONES JUDICIALES
650 #0 - ASIENTO SECUNDARIO DE MATERIA - TERMINO TEMATICO
9 (RLIN) 2210
Topical term or geographic name as entry element RESOLUCIONES RECURRIBLES
700 ## - ADDED ENTRY--PERSONAL NAME
9 (RLIN) 2135
Personal name Peyrano, Jorge Walter
Relator term director
700 ## - ADDED ENTRY--PERSONAL NAME
9 (RLIN) 3560
Personal name Carbone, Carlos Alberto
Relator term coordinador
942 ## - ADDED ENTRY ELEMENTS (KOHA)
Source of classification or shelving scheme
Koha item type Libros
Classification part 347.955
Item part IMP
Existencias
Withdrawn status Lost status Source of classification or shelving scheme Damaged status Not for loan Permanent Location Current Location Date acquired Serial Enumeration / chronology Total Checkouts Full call number Barcode Checked out Date last seen Date checked out Price effective from Koha item type
          Biblioteca Poder Judicial Sur Biblioteca Poder Judicial Sur 2018-09-14 V. 1 2 347.955 IMP 5562 2025-11-24 2025-11-17 2025-11-17 2018-09-14 Libros
          Biblioteca Poder Judicial Sur Biblioteca Poder Judicial Sur 2018-09-14 V. 2 1 347.955 IMP 5563 2025-11-24 2025-11-17 2025-11-17 2018-09-14 Libros

12 de Octubre 789 Ushuaia - Tel:  54(02901)441571
Horario de Atención: 8.00 a 17.00 hs. 
bibliotecaush@justierradelfuego.gov.ar
koha@justierradelfuego.gov.ar
Seguinos en nuestras redes @bibliojustdf 

Con tecnología Koha